00279nam a22001097a 4500003000400000020001800004082001900022100001800041245005600059260004600115300000800161SGT a9789386322289 a617.5252bN18M aMedina, Jesus aNeck Dissection Colour ATlas of Surgical techniques aNew Delhi, IndiabJaypee Publishersc2018 a176